Las objeciones presidenciales a los actos legislativos

Detalles Bibliográficos
Autor principal: Alarcón Núñez, Oscar
Otros Autores: Carrillo Flórez, Fernando
Formato: Libro
Lenguaje:español
Publicado: Colombia Editorial Universidad de Rosario 2013
Materias:
Acceso en línea:Acceso restringido

MARC

LEADER 00000nam a22000007a 4500
005 20151105110552.0
007 cr|||| ||u|
008 151105s2013 ck ||||| |||| 00| 0 spa d
020 |a 978-958-738-322-5 
035 |a 12909 
040 |a vLex 
090 |c 5667  |d 5667 
100 1 |a Alarcón Núñez, Oscar 
245 1 4 |a Las objeciones presidenciales a los actos legislativos  |h [Recurso electrn̤ico] /  |c Oscar Alarcón Núñez  
256 |a Servicio en ln̕ea 
260 |a Colombia  |b Editorial Universidad de Rosario  |c 2013 
300 |a 1 recurso electrn̤ico (250 p. (Colección Textos de Jurisprudencia)) 
506 1 |a Contenido solo disponible en los productos indicados   |d vLex Global  |d vLex Global (Academic Edition, excluding Law Schools)  |d vLex Global (U.S. Academic Edition, Law Schools)  |d vLex Global (U.S. Academic Edition, excluding Law Schools)  |d vLex Global (Academic Edition, Law Schools) 
650 0 4 |a Legislacin̤   |z Colombia 
700 1 |a Carrillo Flórez, Fernando 
740 0 |a vLex libros (servicio en ln̕ea) 
856 4 0 |u http://vlex.com/source/12909   |z Acceso restringido 
942 |c BOOK 
999 0 |a Legislation